| 000 | 00847cam a22003014a 4500 | ||
|---|---|---|---|
| 001 | 15829935 | ||
| 003 | NUST | ||
| 005 | 20211201093436.0 | ||
| 008 | 090723s2009 pk 000 0aeng | ||
| 010 | _a 2009360727 | ||
| 025 | _aP-U-2009360727 | ||
| 038 | _awaseem | ||
| 040 |
_aDLC _cDLC |
||
| 042 | _alcode | ||
| 043 | _aa-pk--- | ||
| 050 | 0 | 0 |
_aKPL110.S29 _bA3 2009 |
| 082 |
_a340.092 _bSAY |
||
| 100 | 1 |
_aSayeed, Mohammad Ali. _985369 |
|
| 245 | 1 | 0 |
_aThoughts and expressions of a lawyer / _cMohammad Ali Sayeed. |
| 260 |
_aKarachi : _bPakistan Law House, _c2009. |
||
| 300 |
_aii, 139 p. ; _c22 cm. |
||
| 563 | _aHBK. | ||
| 600 | 1 | 0 |
_aSayeed, Mohammad Ali. _985369 |
| 650 | 0 |
_aLawyers _zPakistan _vBiography. _985370 |
|
| 906 |
_a7 _bcbc _corigode _d2 _encip _f20 _gy-gencatlg |
||
| 942 |
_2ddc _cBK |
||
| 999 |
_c586923 _d586923 |
||